[Event "Ruhrgebiet Verbandsklasse Gruppe 1 1516"]
[Site "Germany"]
[Date "2015.11.08"]
[Round "3.3"]
[White "Panofen, Ingo"]
[Black "Doehmann, Joerg"]
[Result "1/2-1/2"]
[WhiteElo "1913"]
[BlackElo "1778"]
[PlyCount "73"]
[EventDate "2015.09.06"]
[EventType "team-tourn"]
[EventRounds "9"]
[EventCountry "GER"]
[SourceTitle "EXT 2022"]
[Source "ChessBase"]
[SourceDate "2021.10.06"]
[SourceVersion "1"]
[SourceVersionDate "2021.10.06"]
[SourceQuality "1"]
[WhiteTeam "Sodingen/Castrop SK III"]
[BlackTeam "Wattenscheid SV IV"]
[WhiteTeamCountry "GER"]
[BlackTeamCountry "GER"]

1. d4 d5 2. Nf3 Nf6 3. c4 e6 4. Bg5 Be7 5. e3 0-0 6. Nc3 Ne4 7. Bxe7 Qxe7 8. Qc2 Nxc3 9. Qxc3 dxc4 10. Bxc4 b6 11. 0-0 Bb7 12. Nd2 Nd7 13. f4 c5 14. Nf3 cxd4 15. exd4 Rac8 16. Qb3 Nf6 17. Rae1 Qd6 18. Kh1 Bxf3 19. Rxf3 Qxd4 20. Ba6 Rc5 21. Rd1 Qe4 22. Bd3 Qc6 23. Qb4 Rc8 24. Rff1 a5 25. Qe1 g6 26. Qh4 Kg7 27. h3 Rh5 28. Qg3 Ne4 29. Qe3 Nc5 30. Be2 Rd5 31. Bf3 Rxd1 32. Rxd1 Qc7 33. Qd4+ Kg8 34. Qf6 Nd7 35. Qd4 Nc5 36. Qf6 Nd7 37. Qd4 1/2-1/2

[Event "Ruhrgebiet VK3 0001"]
[Site "Ruhrgebiet"]
[Date "2000.11.19"]
[Round "3"]
[White "Stachnik, Adam"]
[Black "Doehmann, Joerg"]
[Result "1-0"]
[WhiteElo "1859"]
[BlackElo "1823"]
[PlyCount "47"]
[EventDate "2000.09.17"]
[EventType "team-tourn"]
[EventRounds "9"]
[EventCountry "GER"]
[SourceTitle "EXT 2023"]
[Source "ChessBase"]
[SourceDate "2022.10.05"]
[SourceVersion "1"]
[SourceVersionDate "2022.10.05"]
[SourceQuality "1"]
[WhiteTeam "Bochum SG III"]
[BlackTeam "Bochum Post II"]
[WhiteTeamCountry "GER"]
[BlackTeamCountry "GER"]

1. e4 c6 2. d4 d5 3. Nc3 dxe4 4. f3 exf3 5. Nxf3 Nf6 6. Bc4 e6 7. 0-0 Be7 8. Qe2 0-0 9. Bf4 Nd5 10. Be5 Nxc3 11. bxc3 Nd7 12. Bg3 Nf6 13. Bd3 Qd5 14. Be5 Bd7 15. Qe1 Qa5 16. Qg3 h6 17. Nd2 Kh8 18. Ne4 Qd8 19. Rf3 Rg8 20. Nd2 Rc8 21. Raf1 c5 22. Ne4 Bc6 23. Nxf6 Bxf6 24. Re3 1-0

[Event "Ruhrgebiet VK3 0001"]
[Site "Ruhrgebiet"]
[Date "2000.09.17"]
[Round "1"]
[White "Guennewig, Hans Norbert"]
[Black "Doehmann, Joerg"]
[Result "1-0"]
[WhiteElo "1788"]
[BlackElo "1823"]
[PlyCount "99"]
[EventDate "2000.09.17"]
[EventType "team-tourn"]
[EventRounds "9"]
[EventCountry "GER"]
[SourceTitle "EXT 2023"]
[Source "ChessBase"]
[SourceDate "2022.10.05"]
[SourceVersion "1"]
[SourceVersionDate "2022.10.05"]
[SourceQuality "1"]
[WhiteTeam "Castrop Rauxel III"]
[BlackTeam "Bochum Post II"]
[WhiteTeamCountry "GER"]
[BlackTeamCountry "GER"]

1. e4 c6 2. d3 d5 3. Nd2 Nf6 4. Ngf3 Bg4 5. h3 Bxf3 6. Qxf3 e6 7. g3 Be7 8. Bg2 Na6 9. 0-0 0-0 10. e5 Nd7 11. Qe2 Qb6 12. Nf3 Rac8 13. h4 Rfd8 14. Bh3 Nf8 15. Ng5 h6 16. Nf3 c5 17. c3 Nb8 18. Nh2 Nc6 19. Re1 Ng6 20. Qh5 Ncxe5 21. Rxe5 Nxe5 22. Qxe5 Qc7 23. Qh5 Bf8 24. Ng4 f5 25. Bf4 Qf7 26. Qxf7+ Kxf7 27. Ne5+ Kf6 28. h5 Bd6 29. Re1 Bxe5 30. Rxe5 Rc6 31. g4 fxg4 32. Bxg4 Rd7 33. Bg3 Rb6 34. f4 Kf7 35. Bh4 Rdd6 36. f5 exf5 37. Bxf5 Rxb2 38. Re7+ Kf8 39. Bg6 Rb1+ 40. Kh2 Rb2+ 41. Kg3 Rxg6+ 42. hxg6 Rb6 43. Kf4 Rxg6 44. Rxb7 Ra6 45. Be7+ Kg8 46. Bxc5 Rxa2 47. Rxa7 Rg2 48. Bd4 Kh7 49. Rd7 Rg5 50. Be5 1-0